000 01089cam a2200289 4500
001 000017445
005 20200929165120.0
008 720619s1978 vtua 000 0deng
020 _a0804809844
040 _aDO-SdBNP
_cDLC
_dDLC
_dBNPHU
082 _a952.01
_bN691c
130 0 _aNihon shoki. English.
_938139
245 1 0 _aNihongi : / :
_bchronicles of Japan from the earliest times to A.D. 697. /
_cTraducción del chino original al japones W. G. Aston ; introducción de la nueva edición Terence Barrow.
250 _a4a reimp.
260 _aRutland, Vermont :
_bCharles E. Tuttle Company,
_c1978.
300 _a2 v. :
_bil. ;
_c19 cm.
490 1 _aTut books. H
500 _aIncluye 2 volúmenes en 1.
500 _aIncluye referencia biográfica del traductor en la contraportada.
651 4 _aJapón
_xHistoria
_y645
_938140
650 4 _aMitología japonesa
_y645
_938141
700 1 _aAston, W. G.
_q(William George),
_d1841-1911,
_etr.
_938142
700 1 _aBarrow, Terence
_938143
830 0 _aTut books. H
_938144
910 _aCatalogación derivada
049 _aBNGR
999 _c16970
_d16970